龍頭鳳尾
| 資料類型: | 圖書 | 書目號: | 51652 |
Leader xxxxxxxxxx 001 __ 102488/5/01 005 __ 20171120175607.776 010 0_ |a978-986-5824-60-0|b平裝|d新臺幣340元 020 __ |atw|b105006624 042 __ |anbic 100 __ |a20171120d2016 km y0chiy50 e 101 0_ |achi 102 __ |atw 105 __ |aa z 000ay 200 1_ |a龍頭鳳尾|dOnce upon a time in Hong Kong|f馬家輝著 205 __ |a初版 210 __ |a臺北市|c新經典圖文傳播|d2016[民105] 215 0_ |a340面|c圖|d21公分 225 12 |a文學森林|vLF0072 510 1_ |aOnce upon a time in Hong Kong|zeng 681 __ |a857.7|b8366 700 _1 |a馬|b家輝|4著 801 _0 |atw|bLibDipper|c20171120|gCCR |